000 00493nam a22001932 4500
001 0000002831
005 20151217151905.0
008 070420s xx 000 0 eng d
020 _a04423512X :
_cKES 110
040 _aKABU
_cKABU
050 0 _aPS3552
_b.E467C5
100 1 _aBelfer, Lauren.
_@0000152341
245 1 0 _aCity of light.
260 _aNew York :
_bIsland Books,
_c1999.
300 _a689 p.
908 _a070420
950 _@1
999 _c6039
_d6039